| 000 | 00899nam a2200241Ia 4500 | ||
|---|---|---|---|
| 003 | OSt | ||
| 005 | 20260128093139.0 | ||
| 007 | ca aa aaaaa | ||
| 008 | 201103s9999 xx 000 0 und d | ||
| 040 | _cost | ||
| 041 | _abur | ||
| 082 | _a၂၉၄.၃၆၁ | ||
| 100 |
_a သုမင်္ဂလာလင်္ကာရ၊ အရှင်၊ တိပိဋကဓရဆရာတော် _917354 |
||
| 245 | 0 |
_aဩဝါဒကထာ / _cတိပိဋကဓရဆရာတော်အရှင်မင်္ဂလာလင်္ကာရ |
|
| 260 |
_aရန်ကုန် ၊ _bရွှေပုရပိုက်စာပေ၊ _c၁၉၉၈။ |
||
| 300 |
_aဆ၊ ၅၃ စာမျက်နှာ ၊ _c၁၈ စင်တီ။ |
||
| 500 | _a S-SAT: Dr. Prof Sai Aung Tun | ||
| 650 | _aဩဝါဒ | ||
| 942 |
_cBK _2ddc |
||
| 942 | _2ddc | ||
| 942 | _2ddc | ||
| 942 | _2ddc | ||
| 999 |
_c16749 _d16749 |
||